Datum a čas kvízu
27.5
Celkem bodů
Celkový počet nahraných bodů na tomto kvízu bez doplňovacích otázek.
9.
Pořadí na kvízu
Konečné umístění týmu na tomto kvízu.
Zaznamenané odpovědi
| # | Otázka | Odpověď | Body | Výsledky |
|---|---|---|---|---|
| 1. | Česká diplomacie zaznamenala m... | Jiří Šedivý | 0 | |
| 2. | V jedné evropské zemi rezignov... | o Ukrajině | 1 | |
| 3. | Zahájení letošního ročníku fes... | Oleh Sencov | 1 | |
| 4. | V úterý byl vyhlášen Podnikate... | Oliver Dlouhý | 0 | |
| 5. | Bývalý brazilský fotbalista se... | Ronaldinho | 1 | |
| 6. | V následujících pěti otázkách... | gaviál (indický) | 1 | |
| 7. | Desomorfin je syntetický opioi... | v Rusku | 1 | |
| 8. | Značka Crocs je známá předevší... | v USA | 0 | |
| 9. | Krokodýl Dundee je australská... | Paul Hogan, Mike | 0 | |
| 10. | Jak si říká muž, který v roce... | Elton John | 0 |